000
00305nam a2200133Ia 4500
008
231129s2004||||xx |||||||||||||| ||spa||
040
_b
spa
082
_a
Co868 A414p
100
_a
Aljure R. Faride
245
0
_a
Poligrafía Arte y Cultura
260
_c
2004
264
_a
Papiro
942
_2
ddc
_c
BKS
999
_c
23003
_d
23003